Die 30 größten Länder nach Fläche - Statistiken

Allgemein
  • Dieses Quiz wurde 911 mal gespielt
  • Das Durchschnittsergebnis liegt bei 24 aus 30
Antwortstatistiken
Fläche Land % Korrekt
17.098.242 km² Russland
100%
9.596.960 km² China
99%
9.984.670 km² Kanada
99%
8.515.770 km² Brasilien
98%
9.525.067 km² Vereinigte Staaten
98%
7.741.220 km² Australien
96%
3.287.263 km² Indien
96%
2.780.400 km² Argentinien
94%
1.964.375 km² Mexiko
93%
2.724.900 km² Kasachstan
90%
2.381.740 km² Algerien
89%
2.344.858 km² Demokratische Republik Kongo
86%
1.564.116 km² Mongolei
86%
2.149.690 km² Saudi-Arabien
84%
1.001.450 km² Ägypten
83%
1.904.569 km² Indonesien
82%
1.648.195 km² Iran
82%
1.219.090 km² Südafrika
82%
1.267.000 km² Niger
79%
1.861.484 km² Sudan
78%
1.759.540 km² Libyen
75%
1.138.910 km² Kolumbien
74%
1.285.216 km² Peru
74%
1.284.000 km² Tschad
70%
1.240.192 km² Mali
69%
1.098.581 km² Bolivien
61%
1.246.700km² Angola
60%
1.104.300 km² Äthiopien
58%
1.030.700 km² Mauretanien
58%
947.300 km² Tansania
49%
Keine übereinstimmenden Quizze gefunden
Verteilung der Resultate
Anzahl Personen mit jedem Resultat
Perzentil nach korrekt beantworteten Fragen
Ihre Resultats-Entwicklung
Sie haben dieses Quiz noch nicht gespielt